000 00589nam a22002177a 4500
020 _a9509959979
080 _a35.076/ 077 P 941
245 _aLey 19549:
_bProcedimientos Administrativos: Dec. 1759/ 72. T:O: 1991
260 _aBuenos Aires
_bValletta
_c1992
300 _a72 P.
650 _xderecho administrativo
650 _xprocedimiento administrativo
650 _xamparo por mora
650 _xaco administrativo
650 _ximpugnacion
650 _xnulidad
650 _xanulabilidad
650 _xretroactividad del acto
945 _acd
_d2015-03-25
999 _c3646
_d234150
942 _6_